[Event "Curitiba Parana-ch"]
[Site "Curitiba"]
[Date "2016.01.29"]
[Round "5"]
[White "Biazotto, Guilherme"]
[Black "Da Silva, Jean Henrique da Ro"]
[Result "1-0"]
[WhiteElo "1739"]
[BlackElo "1602"]
[PlyCount "67"]
[EventDate "2016.01.26"]
[EventType "swiss"]
[EventRounds "8"]
[EventCountry "BRA"]
[SourceTitle "CBM 170 Extra"]
[Source "ChessBase"]
[SourceDate "2016.02.25"]
[SourceVersion "1"]
[SourceVersionDate "2016.02.25"]
[SourceQuality "1"]

1. d4 Nf6 2. b3 g6 3. Bb2 Bg7 4. e3 0-0 5. Nf3 d5 6. Be2 Nbd7 7. 0-0 c5 8. c4 b6 9. Nc3 Bb7 10. Rc1 e6 11. Rc2 a6 12. Ba3 Rc8 13. cxd5 exd5 14. dxc5 bxc5 15. Na4 Qa5 16. Qc1 Ne4 17. Nxc5 Nexc5 18. b4 Nb3 19. axb3 Rxc2 20. bxa5 Rxc1 21. Rxc1 Rc8 22. Rxc8+ Bxc8 23. Nd4 Ne5 24. Bd6 f5 25. f4 Nf7 26. Bc5 Nh6 27. Nc6 Bf8 28. Bxf8 Kxf8 29. Nb8 Ng4 30. Nxa6 Nxe3 31. Nc7 Bb7 32. a6 Bc6 33. a7 Nc2 34. Bf3 1-0

[Event "Curitiba Parana-ch"]
[Site "Curitiba"]
[Date "2016.01.26"]
[Round "1"]
[White "Biazotto, Guilherme"]
[Black "Choma, Ernani Francisco"]
[Result "0-1"]
[WhiteElo "1739"]
[BlackElo "2383"]
[PlyCount "72"]
[EventDate "2016.01.26"]
[EventType "swiss"]
[EventRounds "8"]
[EventCountry "BRA"]
[SourceTitle "CBM 170 Extra"]
[Source "ChessBase"]
[SourceDate "2016.02.25"]
[SourceVersion "1"]
[SourceVersionDate "2016.02.25"]
[SourceQuality "1"]

1. Nf3 c5 2. b3 Nf6 3. Bb2 d5 4. e3 Bg4 5. Be2 Nc6 6. d4 e6 7. Nbd2 Bd6 8. c4 0-0 9. Rc1 cxd4 10. Nxd4 Bxe2 11. Nxe2 Nb4 12. 0-0 Nxa2 13. Ra1 Nb4 14. Nd4 Re8 15. Nb5 Bb8 16. Ba3 Nc6 17. cxd5 Qxd5 18. Qe2 a6 19. Nd4 Nxd4 20. exd4 Qxd4 21. Rfd1 Qe5 22. Qxe5 Bxe5 23. Rab1 Nd5 24. Bb2 Bxb2 25. Rxb2 Rec8 26. Nc4 Rc7 27. h3 Kf8 28. Rd3 Ke7 29. Rbd2 b5 30. Ne5 a5 31. Rg3 g6 32. Ra2 Nc3 33. Rc2 Rac8 34. Rf3 f6 35. Ng4 Nd5 36. Rd2 Rc3 0-1

[Event "Florianopolis op 2nd"]
[Site "Florianopolis"]
[Date "2016.01.19"]
[Round "5"]
[White "Takeda, Lucas Koji"]
[Black "Biazotto, Guilherme"]
[Result "1/2-1/2"]
[WhiteElo "1967"]
[BlackElo "1739"]
[PlyCount "23"]
[EventDate "2016.01.16"]
[EventType "swiss"]
[EventRounds "10"]
[EventCountry "BRA"]
[SourceTitle "CBM 170 Extra"]
[Source "ChessBase"]
[SourceDate "2016.02.25"]
[SourceVersion "1"]
[SourceVersionDate "2016.02.25"]
[SourceQuality "1"]

1. d4 Nf6 2. c4 g6 3. Nc3 Bg7 4. e4 d6 5. Be2 0-0 6. Bg5 c5 7. e5 cxd4 8. exf6 exf6 9. Qxd4 fxg5 10. Qd2 Qa5 11. Nf3 Nc6 12. h3 1/2-1/2

[Event "Sao Bento do Sul op 5th"]
[Site "Sao Bento do Sul"]
[Date "2015.09.05"]
[Round "4"]
[White "Silva, Antonio Helder Da"]
[Black "Biazotto, Guilherme"]
[Result "0-1"]
[WhiteElo "1947"]
[BlackElo "1733"]
[PlyCount "66"]
[EventDate "2015.09.04"]
[EventType "swiss"]
[EventRounds "6"]
[EventCountry "BRA"]
[SourceTitle "EXT 2016"]
[Source "ChessBase"]
[SourceDate "2015.10.08"]
[SourceVersion "1"]
[SourceVersionDate "2015.10.08"]
[SourceQuality "1"]

1. e4 e6 2. d4 d5 3. exd5 exd5 4. Nf3 Nf6 5. Bd3 Bd6 6. Bg5 0-0 7. 0-0 Nbd7 8. c3 c6 9. Nbd2 Qc7 10. Qe2 h6 11. Bh4 Nh5 12. Rfe1 Nf4 13. Bg3 Nxd3 14. Bxd6 Nxe1 15. Rxe1 Qxd6 16. Nh4 Nf6 17. Ndf3 Bd7 18. Ne5 Ng4 19. Nhf3 Nxe5 20. dxe5 Qc7 21. b4 Rae8 22. c4 dxc4 23. Qxc4 Be6 24. Qc2 Bd5 25. Qe2 Bxf3 26. gxf3 Re6 27. f4 Rfe8 28. Qc4 Qd7 29. Qc3 Rg6+ 30. Kf1 Rd8 31. Ke2 Qg4+ 32. Ke3 Qh3+ 33. f3 Qxh2 0-1

[Event "Matinhos Caioba-ch"]
[Site "Matinhos"]
[Date "2015.08.28"]
[Round "2"]
[White "Biazotto, Guilherme"]
[Black "Theiss, Nicolas Eduardo"]
[Result "1-0"]
[WhiteElo "1767"]
[BlackElo "1657"]
[PlyCount "39"]
[EventDate "2015.08.28"]
[EventType "swiss"]
[EventRounds "6"]
[EventCountry "BRA"]
[SourceTitle "EXT 2016"]
[Source "ChessBase"]
[SourceDate "2015.10.08"]
[SourceVersion "1"]
[SourceVersionDate "2015.10.08"]
[SourceQuality "1"]

1. e4 e6 2. d4 d5 3. Nc3 Nf6 4. e5 Nfd7 5. f4 c5 6. Nf3 Nc6 7. Be3 Qb6 8. Na4 Qa5+ 9. c3 cxd4 10. b4 Qc7 11. Nxd4 Nxd4 12. Bxd4 Be7 13. Bd3 Bh4+ 14. g3 Be7 15. 0-0 0-0 16. Qh5 h6 17. g4 f6 18. Qg6 Re8 19. Qh7+ Kf7 20. Bg6+ 1-0

[Event "Sao Bento do Sul op 4th"]
[Site "Sao Bento do Sul"]
[Date "2015.06.06"]
[Round "4"]
[White "Policarpo, Nicoli"]
[Black "Biazotto, Guilherme"]
[Result "1/2-1/2"]
[WhiteElo "1473"]
[BlackElo "1754"]
[PlyCount "28"]
[EventDate "2015.06.05"]
[EventType "swiss"]
[EventRounds "6"]
[EventCountry "BRA"]
[SourceTitle "EXT 2017"]
[Source "ChessBase"]
[SourceDate "2016.10.25"]
[SourceVersion "1"]
[SourceVersionDate "2016.10.25"]
[SourceQuality "1"]

1. d4 Nf6 2. Nf3 g6 3. Bf4 d6 4. h3 Bg7 5. e3 Nbd7 6. Be2 b6 7. 0-0 Bb7 8. Nbd2 c5 9. c3 0-0 10. Qb3 Rc8 11. Bc4 d5 12. Be2 cxd4 13. cxd4 e6 14. Rac1 Nb8 1/2-1/2

[Event "Sao Bento do Sul op 4th"]
[Site "Sao Bento do Sul"]
[Date "2015.06.05"]
[Round "2"]
[White "Pomar, Marcelo Nascimento"]
[Black "Biazotto, Guilherme"]
[Result "1-0"]
[WhiteElo "2039"]
[BlackElo "1754"]
[PlyCount "107"]
[EventDate "2015.06.05"]
[EventType "swiss"]
[EventRounds "6"]
[EventCountry "BRA"]
[SourceTitle "EXT 2017"]
[Source "ChessBase"]
[SourceDate "2016.10.25"]
[SourceVersion "1"]
[SourceVersionDate "2016.10.25"]
[SourceQuality "1"]

1. e4 e6 2. d4 d5 3. Nc3 Nf6 4. e5 Nfd7 5. f4 c5 6. Nf3 Nc6 7. Be3 cxd4 8. Nxd4 Bc5 9. Qd2 0-0 10. g3 Qe7 11. 0-0-0 a6 12. h4 Nxd4 13. Bxd4 b5 14. Bg2 Bb7 15. f5 Bxd4 16. Qxd4 Rac8 17. fxe6 fxe6 18. Nxd5 Bxd5 19. Bxd5 Nc5 20. Bg2 Rfd8 21. Qe3 Qc7 22. Rxd8+ Rxd8 23. Rd1 Rxd1+ 24. Kxd1 Nd7 25. Bh3 Kf7 26. Qf4+ Ke7 27. Qg5+ Kf7 28. Qf4+ Ke7 29. Qb4+ Qc5 30. Qxc5+ Nxc5 31. Bg2 a5 32. Bc6 b4 33. Kd2 Kd8 34. Ke3 Kc7 35. Bb5 Nb7 36. Kd4 Kb6 37. Bd3 h6 38. Bc4 Nd8 39. b3 Kc6 40. Bd3 Kb6 41. Be4 Kb5 42. h5 Kb6 43. c4 bxc3 44. Kxc3 Kc5 45. a3 Nf7 46. b4+ axb4+ 47. axb4+ Kb6 48. Kd4 Kb5 49. Bd3+ Kxb4 50. Bc4 Ng5 51. Bxe6 Nxe6+ 52. Kd5 Nc7+ 53. Kc6 Ne8 54. Kd7 1-0

[Event "Parana-ch"]
[Site "Curitiba"]
[Date "2015.01.31"]
[Round "7"]
[White "Kruger, Israel"]
[Black "Biazotto, Guilherme"]
[Result "0-1"]
[WhiteElo "1799"]
[BlackElo "1738"]
[PlyCount "80"]
[EventDate "2015.01.28"]
[EventType "swiss"]
[EventRounds "8"]
[EventCountry "BRA"]
[SourceTitle "CBM 164 Extra"]
[Source "ChessBase"]
[SourceDate "2015.03.02"]
[SourceVersion "1"]
[SourceVersionDate "2015.03.02"]
[SourceQuality "1"]

1. e4 e6 2. b3 d5 3. Bb2 Nf6 4. e5 Nfd7 5. Qg4 c5 6. f4 Nc6 7. Nf3 b6 8. Be2 Bb7 9. a3 d4 10. 0-0 f6 11. Qxe6+ Qe7 12. Qxe7+ Bxe7 13. exf6 Bxf6 14. a4 0-0-0 15. Na3 d3 16. Bxd3 Bxb2 17. Ra2 Bxa3 18. Rxa3 Nb4 19. Bf5 g6 20. Bxd7+ Rxd7 21. c3 Bxf3 22. Rxf3 Nc2 23. Ra2 Rxd2 24. a5 Re8 25. h4 Ree2 26. Rg3 Rd1+ 27. Kh2 Ra1 28. Rb2 Rxa5 29. h5 gxh5 30. Rg7 c4 31. Rxh7 cxb3 32. Kg3 Re3+ 33. Kh4 Rxc3 34. g4 Ra2 35. Rb1 b2 36. g5 Ra1 37. Rh8+ Kb7 38. Kxh5 Rxb1 39. Rh7+ Ka6 40. Kg6 Rg1 0-1

[Event "Parana-ch"]
[Site "Curitiba"]
[Date "2015.01.30"]
[Round "4"]
[White "Biazotto, Guilherme"]
[Black "Grilo, Bruno Ianzen"]
[Result "1-0"]
[WhiteElo "1738"]
[BlackElo "1800"]
[PlyCount "69"]
[EventDate "2015.01.28"]
[EventType "swiss"]
[EventRounds "8"]
[EventCountry "BRA"]
[SourceTitle "CBM 164 Extra"]
[Source "ChessBase"]
[SourceDate "2015.03.02"]
[SourceVersion "1"]
[SourceVersionDate "2015.03.02"]
[SourceQuality "1"]

1. e4 e5 2. Nf3 Nc6 3. Bc4 h6 4. d3 d6 5. h3 Nf6 6. Nc3 Be6 7. Bb3 g6 8. Be3 Bxb3 9. axb3 Bg7 10. 0-0 0-0 11. Qd2 h5 12. Bg5 Qd7 13. Bh6 Nd4 14. Nxd4 exd4 15. Ne2 c5 16. Bxg7 Kxg7 17. f4 Nh7 18. f5 d5 19. Qf4 dxe4 20. f6+ Nxf6 21. Qxf6+ Kg8 22. dxe4 Rae8 23. Ng3 d3 24. Rad1 Qc7 25. Rxd3 Re6 26. Qg5 Qb6 27. Kh1 Qa6 28. Nxh5 Rd6 29. Rdf3 Qe2 30. Nf6+ Kg7 31. Ne8+ Rxe8 32. Rxf7+ Kg8 33. Qh6 Qxf1+ 34. Rxf1 Re7 35. Rf8# 1-0

[Event "Parana-ch"]
[Site "Curitiba"]
[Date "2015.01.30"]
[Round "5"]
[White "Yano, William Jorge Froes"]
[Black "Biazotto, Guilherme"]
[Result "1-0"]
[WhiteElo "2091"]
[BlackElo "1738"]
[PlyCount "129"]
[EventDate "2015.01.28"]
[EventType "swiss"]
[EventRounds "8"]
[EventCountry "BRA"]
[SourceTitle "CBM 164 Extra"]
[Source "ChessBase"]
[SourceDate "2015.03.02"]
[SourceVersion "1"]
[SourceVersionDate "2015.03.02"]
[SourceQuality "1"]

1. e4 e6 2. d4 d5 3. Nc3 Nf6 4. Bg5 Bb4 5. e5 h6 6. Be3 Ne4 7. Qg4 Kf8 8. a3 Bxc3+ 9. bxc3 c5 10. Bd3 Qa5 11. Ne2 cxd4 12. Bxd4 Nc5 13. 0-0 Nc6 14. Ng3 Nxd3 15. cxd3 Nxd4 16. Qxd4 b6 17. Nh5 Ba6 18. c4 Qc5 19. Qg4 Rg8 20. cxd5 Qxd5 21. Nf4 Qxe5 22. Qf3 Ke7 23. Rfe1 Qf5 24. d4 g5 25. Nd5+ Kd8 26. Qxf5 exf5 27. Ne7 Rh8 28. Nxf5 Bd3 29. Nd6 Bg6 30. Rac1 Kd7 31. Nc4 f6 32. Ne3 h5 33. Nd5 Rhf8 34. Rc3 Kd6 35. Nc7 Rac8 36. Rec1 Kd7 37. f3 Bf7 38. Kf2 Bg6 39. Ke3 f5 40. Kd2 f4 41. Ne6 Rfe8 42. Rxc8 Rxc8 43. Rxc8 Kxc8 44. Nxg5 Bf5 45. Kc3 Kd7 46. Nf7 Kc6 47. Ne5+ Kd5 48. g3 fxg3 49. hxg3 b5 50. g4 hxg4 51. fxg4 Be6 52. g5 a5 53. Nd3 b4+ 54. axb4 axb4+ 55. Nxb4+ Kd6 56. Kd3 Ke7 57. Ke4 Kf7 58. Nc6 Kg6 59. Kf4 Kg7 60. Ke5 Bg8 61. Ne7 Bf7 62. Kf5 Kf8 63. Kf6 Ke8 64. g6 Bc4 65. d5 1-0

[Event "Parana-ch"]
[Site "Curitiba"]
[Date "2015.01.28"]
[Round "1"]
[White "Gonzalez, Bolivar Ribeiro"]
[Black "Biazotto, Guilherme"]
[Result "1-0"]
[WhiteElo "2262"]
[BlackElo "1738"]
[PlyCount "65"]
[EventDate "2015.01.28"]
[EventType "swiss"]
[EventRounds "8"]
[EventCountry "BRA"]
[SourceTitle "CBM 164 Extra"]
[Source "ChessBase"]
[SourceDate "2015.03.02"]
[SourceVersion "1"]
[SourceVersionDate "2015.03.02"]
[SourceQuality "1"]

1. e4 e6 2. d4 d5 3. Nc3 Nf6 4. Bg5 Bb4 5. e5 h6 6. Bd2 Bxc3 7. Bxc3 Nfd7 8. Qg4 Qg5 9. Qh3 c5 10. Nf3 Qe7 11. 0-0-0 Nc6 12. Qg3 g6 13. Kb1 cxd4 14. Nxd4 Nc5 15. Nb5 0-0 16. Nd6 Ne4 17. Nxe4 dxe4 18. Qe3 Qg5 19. Qxe4 Ne7 20. Bd3 Nd5 21. Bd2 f5 22. exf6 Nxf6 23. Bxg5 Nxe4 24. Bxh6 Nxf2 25. Bxf8 Nxh1 26. Bc5 b6 27. Be4 Rb8 28. Rd8+ Kg7 29. Bd6 Bb7 30. Rd7+ Kf6 31. Be7+ Ke5 32. Bxb7 Rh8 33. Rd1 1-0